=LDR 00000nam 2200000 4500 =001 INLIS000000000027949 =005 20130612130304 =008 ***********************************Ind** =035 ##$$a0010-061300000027949 =041 ##$$a Ind =082 ##$$a 910.07 =090 ##$$a 910.07, Sam g =100 ##$$a SAMADI =245 ##$$a Geografi SMA kelas X, Saamadi, S.Pd., M.Si. ; Editor Dedi panca Nugraha =260 ##$$a 2007 $b Jaakarta =300 ##$$a vi, 225 hlm., ilus., 235 cm =650 ##$$a Geografi-Studi dan Pengajaran =700 ##$$a NUGRAHA, Dedi Panca =850 ##$$a NBPNMAT =990 ##$$a 21195007/BPAP-NTB/2014 =990 ##$$a 0001/BPAP-NTB/20142014